[Event "Frankfurt Ch A 2019"]
[Site "Ffm-Höchst, BiKuZ"]
[Date "2019.04.30"]
[Round "1.1"]
[White "Khenkin, Igor"]
[Black "Fröhlich-Dill, Astrid"]
[Result "1-0"]
[WhiteElo "2512"]
[BlackElo "1810"]
[PlyCount "119"]
[EventDate "2019.??.??"]
[WhiteTeam "SG Turm Kiel"]
[BlackTeam "SV Hofheim"]

1. d4 Nf6 2. c4 e6 3. Nc3 b6 4. e4 d6 5. Bd3 Bb7 6. f4 Be7 7. Nf3 h6 8. O-O O-O
9. e5 Ne8 10. Bc2 Nd7 11. Qd3 g6 12. f5 exf5 13. Bxh6 Ng7 14. exd6 cxd6 15. Nd5
Bxd5 16. cxd5 Re8 17. Ba4 Kh7 18. Bd2 Rh8 19. Qa6 Nf6 20. Bc6 Ne4 21. Bxa8 Qxa8
22. Qb5 Nxd2 23. Nxd2 Bf6 24. Nb3 Bg5 25. Rae1 Rd8 26. Rf3 Kg8 27. a4 Nh5 28.
Qc6 Qb8 29. Rc3 Nf6 30. Re7 Ne4 31. Rb7 Qa8 32. Rc2 Bf6 33. Rc7 Bg5 34. Qxa8
Rxa8 35. Rc8+ Rxc8 36. Rxc8+ Kg7 37. Ra8 Nf6 38. Rxa7 Nxd5 39. Rd7 Be7 40. Kf2
Kf6 41. Rb7 Ke6 42. Ke2 g5 43. g3 f4 44. Nd2 fxg3 45. hxg3 f5 46. Nc4 Bd8 47.
Rb8 Bc7 48. Re8+ Kf7 49. Rc8 f4 50. gxf4 gxf4 51. b4 Ke6 52. b5 Kd7 53. Ra8 Ne7
54. Kf3 Nc8 55. Kxf4 d5+ 56. Ne5+ Kd8 57. Kf5 Bd6 58. Nf7+ Kd7 59. Rxc8 Kxc8
60. Nxd6+ 1-0

[Event "Frankfurt Ch A 2019"]
[Site "Ffm-Höchst, BiKuZ"]
[Date "2019.04.30"]
[Round "1.2"]
[White "Trierweiler, Joachim"]
[Black "Poetsch, Hagen"]
[Result "0-1"]
[WhiteElo "1805"]
[BlackElo "2497"]
[PlyCount "54"]
[EventDate "2019.??.??"]
[WhiteTeam "Vorw.Orient Mainz"]
[BlackTeam "SC Heusenstamm"]

1. Nf3 d5 2. c4 d4 3. d3 Nc6 4. g3 e5 5. Bg2 Bc5 6. a3 a5 7. O-O Nge7 8. b3 O-O
9. Bb2 Bf5 10. Nbd2 Qd7 11. Ng5 h6 12. Nge4 Ba7 13. c5 Be6 14. Nc4 f5 15. Ned2
Bxc5 16. Rc1 b6 17. Qc2 Bd5 18. e4 dxe3 19. Nxe3 Bxg2 20. Kxg2 Rad8 21. Ndc4 f4
22. Nd1 f3+ 23. Kh1 Qh3 24. Rg1 Nd4 25. Bxd4 exd4 26. Nd2 Rd5 27. Qa2 Qxh2+ 0-1

[Event "Frankfurt Ch A 2019"]
[Site "Ffm-Höchst, BiKuZ"]
[Date "2019.04.30"]
[Round "1.3"]
[White "Milov, Leonid"]
[Black "Gutacker, Stephan"]
[Result "1-0"]
[WhiteElo "2456"]
[BlackElo "1796"]
[PlyCount "39"]
[EventDate "2019.??.??"]
[WhiteTeam "SC Noris-Tarrasch Nürnberg"]
[BlackTeam "Sfr. Kelkheim"]

1. e4 e5 2. Nf3 Nc6 3. Bb5 Bc5 4. O-O Nf6 5. Nxe5 Nxe5 6. d4 Be7 7. dxe5 Nxe4
8. Qg4 Ng5 9. f4 c6 10. Bd3 h5 11. Qe2 Ne6 12. f5 Nc5 13. Bf4 Nxd3 14. Qxd3 f6
15. Nc3 O-O 16. exf6 Bxf6 17. Bd6 Re8 18. Rae1 b5 19. Ne4 Bb7 20. Qb3+ 1-0

[Event "Frankfurt Ch A 2019"]
[Site "Ffm-Höchst, BiKuZ"]
[Date "2019.04.30"]
[Round "1.5"]
[White "Neukirchner, Pascal"]
[Black "Adair, Robin"]
[Result "1-0"]
[WhiteElo "2298"]
[BlackElo "1792"]
[PlyCount "49"]
[EventDate "2019.??.??"]
[WhiteTeam "SK Gründau"]
[BlackTeam "SC Nidderau"]

1. d4 Nf6 2. c4 c5 3. d5 b5 4. cxb5 a6 5. bxa6 Bxa6 6. Nc3 d6 7. e4 Bxf1 8.
Kxf1 g6 9. Nf3 Bg7 10. g3 O-O 11. Kg2 Qb6 12. a4 Nbd7 13. Qe2 Rfb8 14. Nb5 Ne8
15. Bg5 Ndf6 16. Nd2 Nc7 17. Nc4 Qb7 18. Nxc7 Qxc7 19. a5 Rb5 20. Nb6 Rxb6 21.
axb6 Qb7 22. Rxa8+ Qxa8 23. Qb5 Nxe4 24. b7 Qb8 25. Ra1 1-0

[Event "Frankfurt Ch A 2019"]
[Site "Ffm-Höchst, BiKuZ"]
[Date "2019.04.30"]
[Round "1.6"]
[White "Menning, Uwe"]
[Black "Legde, Georg"]
[Result "0-1"]
[WhiteElo "1779"]
[BlackElo "2263"]
[PlyCount "76"]
[EventDate "2019.??.??"]
[WhiteTeam "FC Bierstadt"]
[BlackTeam "Freibauer Mörlenbach"]

1. d4 Nf6 2. Nf3 e6 3. Bg5 c5 4. c3 b6 5. e3 Bb7 6. Be2 Be7 7. O-O h6 8. Bh4
O-O 9. Ne5 d6 10. Bxf6 Bxf6 11. Bf3 d5 12. Nd3 Nd7 13. Nd2 Qc7 14. Be2 e5 15.
dxe5 Nxe5 16. Nxe5 Bxe5 17. Nf3 Bf6 18. Qa4 a6 19. Qg4 Qe7 20. Bd3 g6 21. Rad1
Rad8 22. Rfe1 Rfe8 23. Bf1 Rd6 24. Qf4 Bg7 25. Rd2 Re6 26. Red1 b5 27. Qg3 h5
28. h3 Bf6 29. a4 h4 30. Qh2 bxa4 31. Bd3 a3 32. bxa3 Bxc3 33. Rc2 Bf6 34. Qf4
c4 35. Be2 Re4 36. Qh6 Bc6 37. Bd3 Ba4 38. Bxe4 dxe4 0-1

[Event "Frankfurt Ch A 2019"]
[Site "Ffm-Höchst, BiKuZ"]
[Date "2019.04.30"]
[Round "1.7"]
[White "Keller, Peter"]
[Black "Varma, Christopher"]
[Result "1-0"]
[WhiteElo "2201"]
[BlackElo "1779"]
[PlyCount "53"]
[EventDate "2019.??.??"]
[WhiteTeam "Frankfurter TV"]
[BlackTeam "SV Oberursel"]

1. c4 Nf6 2. g3 g6 3. Bg2 Bg7 4. Nc3 O-O 5. e4 d6 6. Nge2 c5 7. O-O Nc6 8. a3
Rb8 9. Rb1 a6 10. b4 cxb4 11. axb4 b5 12. cxb5 axb5 13. d4 e6 14. Bg5 Qb6 15.
h3 Bb7 16. Qd2 Rfe8 17. Rfc1 Ne7 18. Qd3 Ba8 19. g4 h6 20. Be3 Qb7 21. Ra1 Nc6
22. Qd2 h5 23. g5 Nd7 24. d5 Nce5 25. Ra7 Qc8 26. Nxb5 Nc4 27. Rxc4 1-0

[Event "Frankfurt Ch A 2019"]
[Site "Ffm-Höchst, BiKuZ"]
[Date "2019.04.30"]
[Round "1.8"]
[White "Winand, Edgar"]
[Black "Stelzer, Harald"]
[Result "1/2-1/2"]
[WhiteElo "1778"]
[BlackElo "2155"]
[PlyCount "57"]
[EventDate "2019.??.??"]
[WhiteTeam "SF Frankfurt"]
[BlackTeam "Sges Bensheim"]

1. g4 d5 2. Bg2 c6 3. h3 h5 4. g5 Bf5 5. d3 e5 6. Nc3 Bg6 7. e4 d4 8. Nce2 f5
9. exf5 Bxf5 10. Ng3 Bg6 11. h4 Bb4+ 12. Kf1 Bf7 13. Nf3 Nd7 14. Qe2 Qc7 15. a3
Be7 16. Bh3 Bd5 17. Rg1 g6 18. Bd2 Bxf3 19. Qxf3 Rh7 20. Be6 O-O-O 21. Qe4 Rg7
22. c4 dxc3 23. Bxc3 Bd6 24. f4 Rf8 25. f5 gxf5 26. Nxf5 Ne7 27. Ke1 Nxf5 28.
Bxf5 Kb8 29. b4 1/2-1/2

[Event "Frankfurt Ch A 2019"]
[Site "Ffm-Höchst, BiKuZ"]
[Date "2019.04.30"]
[Round "1.9"]
[White "Nehmert, Ulrich"]
[Black "Diehl, Stefan"]
[Result "1-0"]
[WhiteElo "2152"]
[BlackElo "1771"]
[PlyCount "53"]
[EventDate "2019.??.??"]
[WhiteTeam "Wiesbadener SV"]
[BlackTeam "SC Höchst"]

1. d4 f5 2. Bg5 h6 3. Bh4 g5 4. Bg3 Nf6 5. e3 c6 6. Be2 Bg7 7. Bh5+ Nxh5 8.
Qxh5+ Kf8 9. Nc3 d6 10. h4 g4 11. f3 Qe8 12. fxg4 fxg4 13. Qa5 h5 14. O-O-O Bh6
15. Nge2 Bxe3+ 16. Kb1 Kg7 17. Be5+ dxe5 18. Qxe5+ Kh7 19. Qxe3 Nd7 20. Qe4+
Kg7 21. Ng3 Nf6 22. Qe5 Qf7 23. Rde1 Kf8 24. Rhf1 Rh6 25. Nce4 Qd5 26. Nxf6
Qxe5 27. Nd7+ 1-0

[Event "Frankfurt Ch A 2019"]
[Site "Ffm-Höchst, BiKuZ"]
[Date "2019.04.30"]
[Round "1.10"]
[White "Schellen, Sven"]
[Black "Weber, Samuel"]
[Result "0-1"]
[WhiteElo "1768"]
[BlackElo "2147"]
[PlyCount "76"]
[EventDate "2019.??.??"]
[WhiteTeam "SF Frankfurt"]
[BlackTeam "SV Oberursel"]

1. d4 Nf6 2. c4 e6 3. Nf3 c5 4. g3 b6 5. Bg2 Bb7 6. O-O cxd4 7. Nxd4 Bxg2 8.
Kxg2 a6 9. Nc3 Qc7 10. Qd3 d6 11. e4 Nbd7 12. b3 Be7 13. Bd2 O-O 14. Rad1 Qb7
15. Qe2 Rfd8 16. Kg1 Rac8 17. Nf3 Ne5 18. Nxe5 dxe5 19. Na4 b5 20. Nb2 Qxe4 21.
Rfe1 Qc2 22. Ba5 Qxe2 23. Rxe2 Rxd1+ 24. Nxd1 bxc4 25. Rc2 Rc5 26. b4 Rc8 27.
Ne3 c3 28. a4 Nd5 29. b5 axb5 30. axb5 Rb8 31. Bxc3 Nxe3 32. fxe3 Rxb5 33. Ra2
g6 34. Kf2 h5 35. h3 Kg7 36. Kf3 f5 37. Rb2 Rxb2 38. Bxb2 Bf6 0-1

[Event "Frankfurt Ch A 2019"]
[Site "Ffm-Höchst, BiKuZ"]
[Date "2019.04.30"]
[Round "1.11"]
[White "Uwira, Oliver"]
[Black "Kirchmann, Sascha"]
[Result "1-0"]
[WhiteElo "2143"]
[BlackElo "1766"]
[PlyCount "59"]
[EventDate "2019.??.??"]
[WhiteTeam "SC Nied"]
[BlackTeam "SC Obertshausen"]

1. d4 d5 2. c4 e6 3. Nc3 Nf6 4. Bg5 Be7 5. e3 Nbd7 6. Nf3 c6 7. Qc2 O-O 8. Rd1
h6 9. Bh4 Nh5 10. Bxe7 Qxe7 11. g4 Nhf6 12. g5 Nh7 13. h4 f5 14. Rg1 hxg5 15.
hxg5 g6 16. Kd2 b6 17. Kc1 Bb7 18. cxd5 exd5 19. Be2 Kg7 20. Kb1 Rh8 21. Bd3
Nhf8 22. Ne2 Ne6 23. Ng3 Raf8 24. Rh1 Rxh1 25. Rxh1 Rh8 26. Rg1 Rf8 27. Nh4 Kf7
28. Bxf5 Qxg5 29. Bxg6+ Kg8 30. Nhf5 1-0

[Event "Frankfurt Ch A 2019"]
[Site "Ffm-Höchst, BiKuZ"]
[Date "2019.04.30"]
[Round "1.12"]
[White "Rauscher, Joachim"]
[Black "Reschke, Thomas"]
[Result "0-1"]
[WhiteElo "1764"]
[BlackElo "2136"]
[PlyCount "54"]
[EventDate "2019.??.??"]
[WhiteTeam "SC Brett vorm Kopp"]
[BlackTeam "SC Frankfurt-West"]

1. e4 g6 2. d4 Bg7 3. Nc3 c6 4. f4 d5 5. e5 f6 6. Nf3 Bg4 7. Bd3 Nh6 8. h3 Bxf3
9. Qxf3 O-O 10. Qg3 fxe5 11. fxe5 c5 12. Bxh6 Bxh6 13. Bxg6 hxg6 14. Qxg6+ Bg7
15. Qe6+ Kh8 16. Nxd5 Nc6 17. O-O-O Qc8 18. Qg6 Qf5 19. Qxf5 Rxf5 20. g4 Rf2
21. Nc7 Rc8 22. Nd5 cxd4 23. Rdf1 Rxf1+ 24. Rxf1 Bxe5 25. Rf5 e6 26. Rh5+ Kg7
27. Rg5+ Kf7 0-1

[Event "Frankfurt Ch A 2019"]
[Site "Ffm-Höchst, BiKuZ"]
[Date "2019.04.30"]
[Round "1.13"]
[White "Neininger, Ralph"]
[Black "Merges, Harald"]
[Result "1-0"]
[WhiteElo "2133"]
[BlackElo "1757"]
[PlyCount "49"]
[EventDate "2019.??.??"]
[WhiteTeam "SV Oberursel"]
[BlackTeam "SG Reil-Kinheim"]

1. d4 Nf6 2. c4 e6 3. Nf3 b6 4. a3 Bb7 5. Nc3 d5 6. cxd5 Nxd5 7. e4 Nxc3 8.
bxc3 Bxe4 9. Ne5 Bd6 10. Qg4 Bg6 11. Bb5+ Kf8 12. Bg5 Qc8 13. O-O Qb7 14. Rfe1
Bxe5 15. dxe5 h6 16. Rad1 Na6 17. Be3 Rc8 18. Bd7 Ra8 19. Qa4 Nb8 20. Bxe6 Kg8
21. Rd8+ Kh7 22. Rxh8+ Kxh8 23. Qe8+ Kh7 24. Bxf7 Nc6 25. Bxg6# 1-0

[Event "Frankfurt Ch A 2019"]
[Site "Ffm-Höchst, BiKuZ"]
[Date "2019.04.30"]
[Round "1.14"]
[White "Weiland, Thomas"]
[Black "Hankel, Dennis"]
[Result "0-1"]
[WhiteElo "1751"]
[BlackElo "2131"]
[PlyCount "76"]
[EventDate "2019.??.??"]
[WhiteTeam "SV Oberursel"]
[BlackTeam "SF Neuberg"]

1. c4 c6 2. Nc3 d5 3. cxd5 cxd5 4. d4 Nc6 5. g3 Nf6 6. Nf3 Bf5 7. Bg2 e6 8. a3
Bd6 9. O-O a6 10. Bd2 h6 11. b4 O-O 12. Rc1 Rc8 13. Re1 Bh7 14. Na4 Ne4 15. Bc3
Qf6 16. Ba1 Rfd8 17. Rf1 Qe7 18. Nd2 Bb8 19. Nb6 Rc7 20. Na8 Rcd7 21. Nb6 Rd6
22. Nxe4 Bxe4 23. Na4 e5 24. dxe5 Nxe5 25. Nc5 Bxg2 26. Kxg2 d4 27. Qb3 Ng4 28.
Nd3 Rd5 29. Rce1 Rh5 30. Rh1 Qe4+ 31. Kg1 Ne3 32. f3 Qe7 33. Nf2 Rhd5 34. Qd3
Qg5 35. Nh3 Qh5 36. Nf2 Rg5 37. g4 Qh4 38. Bxd4 Bxh2+ 0-1

[Event "Frankfurt Ch A 2019"]
[Site "Ffm-Höchst, BiKuZ"]
[Date "2019.04.30"]
[Round "1.15"]
[White "Chandler, Patrick"]
[Black "Kohlmeyer, Klaus"]
[Result "1-0"]
[WhiteElo "2119"]
[BlackElo "1743"]
[PlyCount "47"]
[EventDate "2019.??.??"]
[WhiteTeam "SC Nied"]
[BlackTeam "SF Braunfels"]

1. d4 f5 2. Nd2 d5 3. Ndf3 e6 4. Nh3 Bd6 5. Bf4 Nf6 6. e3 O-O 7. c3 c6 8. Be2
Qe7 9. O-O Nbd7 10. c4 dxc4 11. Bxc4 Nb6 12. Bb3 Nbd5 13. Re1 Bd7 14. Nd2 Rae8
15. Bxd6 Qxd6 16. Nc4 Qc7 17. f3 Kh8 18. Ne5 Bc8 19. e4 Ne7 20. g4 g6 21. Qc2
Qd6 22. Qc3 Rd8 23. Rad1 Ne8 24. d5 1-0

[Event "Frankfurt Ch A 2019"]
[Site "Ffm-Höchst, BiKuZ"]
[Date "2019.04.30"]
[Round "1.16"]
[White "Kautz, Thomas"]
[Black "Hristovski, Srdzan"]
[Result "0-1"]
[WhiteElo "1742"]
[BlackElo "2093"]
[PlyCount "44"]
[EventDate "2019.??.??"]
[WhiteTeam "SK Niederbrechen"]
[BlackTeam "SF Frankfurt"]

1. d4 d5 2. Nf3 Nf6 3. c4 e6 4. Nc3 Be7 5. e3 O-O 6. Bd3 b6 7. O-O Bb7 8. b3
Nbd7 9. Bb2 c5 10. Rc1 Rc8 11. Qe2 Re8 12. Rfd1 Qc7 13. h3 Qb8 14. e4 cxd4 15.
Nxd4 Bc5 16. Nf3 d4 17. Nb5 e5 18. Nbxd4 exd4 19. Nxd4 Bxe4 20. Bxe4 Rxe4 21.
Qf3 Rce8 22. Nf5 Rf4 0-1

[Event "Frankfurt Ch A 2019"]
[Site "Ffm-Höchst, BiKuZ"]
[Date "2019.04.30"]
[Round "1.17"]
[White "Koch, Markus"]
[Black "Bittner, Peter"]
[Result "1/2-1/2"]
[WhiteElo "2089"]
[BlackElo "1737"]
[PlyCount "98"]
[EventDate "2019.??.??"]
[WhiteTeam "SC Brett vorm Kopp"]
[BlackTeam "SC Nied"]

1. Nf3 c5 2. e3 Nc6 3. d4 cxd4 4. exd4 d5 5. b3 Nf6 6. Bb2 g6 7. Bd3 Bg7 8.
Nbd2 O-O 9. O-O Nb4 10. Be2 Qc7 11. c3 Nc6 12. c4 e6 13. Rc1 Bh6 14. Ne5 Qa5
15. Bc3 Qd8 16. f4 dxc4 17. Nxc6 bxc6 18. bxc4 Bb7 19. Rb1 Rb8 20. Qc2 Bg7 21.
Ne4 Nxe4 22. Qxe4 Qd7 23. Bf3 Ba6 24. Be2 c5 25. Rbd1 Qc7 26. Kh1 Rbd8 27. Ba1
cxd4 28. Bxd4 Bxd4 29. Rxd4 Rxd4 30. Qxd4 Rd8 31. Qe3 Rc8 32. Rd1 Qb6 33. c5
Qc6 34. Rc1 Bxe2 35. Qxe2 Rd8 36. Qe3 Kg7 37. h3 h6 38. Rc2 Rd5 39. Qc3+ f6 40.
Qa5 Qb7 41. Kh2 Qb8 42. Rc4 g5 43. Rb4 Qc8 44. Qxa7+ Kg6 45. f5+ exf5 46. Rb8
Qe6 47. Qc7 Rd2 48. Rb6 Rxg2+ 49. Kxg2 Qe2+ 1/2-1/2

[Event "Frankfurt Ch A 2019"]
[Site "Ffm-Höchst, BiKuZ"]
[Date "2019.04.30"]
[Round "1.18"]
[White "Moritz, Dennis"]
[Black "Drill, Frank"]
[Result "0-1"]
[WhiteElo "1734"]
[BlackElo "2052"]
[PlyCount "56"]
[EventDate "2019.??.??"]
[WhiteTeam "SK Hungen"]
[BlackTeam "SF Neuberg"]

1. d4 d6 2. c4 e5 3. dxe5 Nc6 4. Nf3 Bg4 5. Bg5 Qd7 6. e3 Qf5 7. Bh4 dxe5 8.
Be2 Nf6 9. O-O Bd6 10. Nc3 O-O-O 11. Qa4 e4 12. Nd4 Nxd4 13. exd4 Bxe2 14. Bxf6
Qh5 15. Be5 Bxf1 16. Rxf1 Bxe5 17. dxe5 a6 18. c5 Qxe5 19. c6 Qd4 20. cxb7+
Kxb7 21. Qb3+ Qb6 22. Qxf7 Rhf8 23. Qe7 Rde8 24. Qg5 e3 25. h3 exf2+ 26. Kh2
Qd6+ 27. Qg3 Qxg3+ 28. Kxg3 Re3+ 0-1

[Event "Frankfurt Ch A 2019"]
[Site "Ffm-Höchst, BiKuZ"]
[Date "2019.04.30"]
[Round "1.20"]
[White "Hambel, Christoph"]
[Black "Rondonuwu, Grover"]
[Result "1/2-1/2"]
[WhiteElo "1719"]
[BlackElo "2043"]
[PlyCount "81"]
[EventDate "2019.??.??"]
[WhiteTeam "Bad Vilbeler Sfr."]
[BlackTeam "Frankfurter TV"]

1. c4 e5 2. g3 Nc6 3. Bg2 d6 4. Nc3 f5 5. d3 Nf6 6. e4 Be7 7. Nge2 O-O 8. O-O
Be6 9. Nd5 Qd7 10. Nxe7+ Nxe7 11. exf5 Bxf5 12. Nc3 Bh3 13. Ne4 Bxg2 14. Kxg2
d5 15. Nxf6+ Rxf6 16. Bg5 Rd6 17. c5 Re6 18. Qg4 Re8 19. Rae1 Qc6 20. f4 g6 21.
fxe5 d4+ 22. Qf3 Qxf3+ 23. Rxf3 Nc6 24. Rf4 Rxe5 25. Rxe5 Rxe5 26. Bh6 Rf5 27.
a3 Ne5 28. Rxd4 Nf7 29. Bf4 Rxc5 30. Rc4 Rxc4 31. dxc4 c6 32. Kf3 Kf8 33. Ke4
Ke8 34. b4 Kd7 35. c5 Ke6 36. h4 h6 37. Bc7 Kf6 38. g4 Ke7 39. Bb8 a6 40. Bc7
Ke6 41. Bb8 1/2-1/2

[Event "Frankfurt Ch A 2019"]
[Site "Ffm-Höchst, BiKuZ"]
[Date "2019.04.30"]
[Round "1.21"]
[White "Rolf, Marco"]
[Black "Kohani, Sohrab"]
[Result "0-1"]
[WhiteElo "2026"]
[BlackElo "1714"]
[PlyCount "92"]
[EventDate "2019.??.??"]
[WhiteTeam "SK Gernsheim"]
[BlackTeam "Freibauer Mörlenbach"]

1. d4 Nf6 2. Nf3 e6 3. e3 Bb4+ 4. c3 Be7 5. Bd3 d5 6. O-O O-O 7. Nbd2 Nbd7 8.
b3 Bd6 9. c4 b6 10. Bb2 Bb7 11. Qe2 Re8 12. Ne5 Ne4 13. f4 f5 14. Rac1 Ndf6 15.
Bxe4 Nxe4 16. Nxe4 dxe4 17. Rfd1 Qe7 18. c5 Bxe5 19. dxe5 Bd5 20. Rd2 c6 21.
cxb6 axb6 22. Bd4 Qb7 23. g4 c5 24. Bc3 Qf7 25. gxf5 Qxf5 26. b4 c4 27. b5 Ra3
28. Bd4 Rea8 29. Rcc2 R8a5 30. Bxb6 Rxb5 31. Bd4 Rb1+ 32. Rd1 Qg6+ 33. Kh1
Rxd1+ 34. Qxd1 Rd3 35. Qb1 h6 36. Qg1 Qh5 37. Rc1 Qf3+ 38. Qg2 Rd1+ 39. Rxd1
Qxd1+ 40. Qg1 Qxd4 41. h4 Qd2 42. f5 exf5 43. Qg6 Qxe3 44. Qe8+ Kh7 45. h5 Qf3+
46. Kg1 Qg4+ 0-1

[Event "Frankfurt Ch A 2019"]
[Site "Ffm-Höchst, BiKuZ"]
[Date "2019.04.30"]
[Round "1.22"]
[White "Rotermund, Verena"]
[Black "Özdemir, Ali Özden"]
[Result "0-1"]
[WhiteElo "1695"]
[BlackElo "2025"]
[PlyCount "88"]
[EventDate "2019.??.??"]
[WhiteTeam "Vorw.Orient Mainz"]
[BlackTeam "SK Langen"]

1. e4 c5 2. Nc3 Nc6 3. f4 e6 4. Bc4 a6 5. a4 Nf6 6. e5 Ng8 7. Nf3 d5 8. exd6
Bxd6 9. d3 Qc7 10. O-O Bxf4 11. Bxf4 Qxf4 12. Ne4 Nf6 13. Kh1 Nxe4 14. dxe4 O-O
15. Qe2 Ne5 16. Rad1 b6 17. Bb3 b5 18. axb5 axb5 19. Nxe5 Qxe5 20. c4 b4 21.
Qf2 f6 22. Rfe1 Bb7 23. Rd3 Bc6 24. Red1 Ba4 25. Bxa4 Rxa4 26. b3 Ra1 27. Qe2
Rfa8 28. g3 Rxd1+ 29. Rxd1 Ra1 30. Rxa1 Qxa1+ 31. Kg2 Qd4 32. Kh3 g6 33. Qf3
Kg7 34. Qf4 e5 35. Qg4 Qd3 36. Kg2 h5 37. Qf3 Qxf3+ 38. Kxf3 Kh6 39. g4 Kg5 40.
h3 f5 41. h4+ Kxh4 42. gxf5 gxf5 43. exf5 Kg5 44. Ke4 Kf6 0-1

[Event "Frankfurt Ch A 2019"]
[Site "Ffm-Höchst, BiKuZ"]
[Date "2019.04.30"]
[Round "1.23"]
[White "Zimmermann, Rolf"]
[Black "Mühlbach, Christian"]
[Result "1-0"]
[WhiteElo "2025"]
[BlackElo "1689"]
[PlyCount "55"]
[EventDate "2019.??.??"]
[WhiteTeam "SC Tornado Hochneukirch"]
[BlackTeam "SK Langen"]

1. c4 e5 2. Nc3 f5 3. g3 Nf6 4. Bg2 Nc6 5. e3 Be7 6. Nge2 O-O 7. d4 d6 8. Nd5
Ne4 9. f3 Ng5 10. h4 Nf7 11. b4 Be6 12. Nxe7+ Nxe7 13. d5 Bd7 14. Bb2 f4 15.
exf4 exf4 16. Nxf4 Nf5 17. Kf2 c6 18. Bd4 Ne5 19. Rc1 Qf6 20. Ba1 Rae8 21. Qd2
Re7 22. dxc6 bxc6 23. c5 Rfe8 24. cxd6 Nxd6 25. Rhe1 Qh6 26. Bxe5 Rxe5 27. Rxe5
Rxe5 28. Rd1 1-0

[Event "Frankfurt Ch A 2019"]
[Site "Ffm-Höchst, BiKuZ"]
[Date "2019.04.30"]
[Round "1.24"]
[White "Balzereit, Georg"]
[Black "Reitz, Philipp"]
[Result "0-1"]
[WhiteElo "1687"]
[BlackElo "2020"]
[PlyCount "80"]
[EventDate "2019.??.??"]
[WhiteTeam "vereinslos"]
[BlackTeam "VfR-SC Koblenz"]

1. e4 c5 2. d4 cxd4 3. c3 g6 4. Nf3 Bg7 5. Bc4 e6 6. O-O Ne7 7. Bg5 Nbc6 8.
cxd4 O-O 9. Nc3 h6 10. Bh4 g5 11. Bg3 d5 12. exd5 exd5 13. Be2 f5 14. Be5 Ng6
15. Bxg7 Kxg7 16. Ne5 Be6 17. Bh5 Ngxe5 18. dxe5 g4 19. Ne2 Qg5 20. Ng3 f4 21.
f3 fxg3 22. fxg4 Rxf1+ 23. Qxf1 Rf8 24. Qb5 Qe3+ 25. Kh1 Nd8 26. Qb4 Nf7 27.
Qe7 Qxe5 28. Rf1 Qe4 29. Qf6+ Kh7 30. hxg3 d4 31. Qe7 Bd5 32. Qxe4+ Bxe4 33.
Rxf7+ Rxf7 34. Bxf7 Kg7 35. Bb3 Kf6 36. Kg1 Kg5 37. Bd1 Bb1 38. a3 d3 39. Kf2
Bc2 40. Bf3 d2 0-1

[Event "Frankfurt Ch A 2019"]
[Site "Ffm-Höchst, BiKuZ"]
[Date "2019.04.30"]
[Round "1.25"]
[White "Schmidt, Markus"]
[Black "Hitzer, Dieter"]
[Result "1-0"]
[WhiteElo "2015"]
[BlackElo "1682"]
[PlyCount "79"]
[EventDate "2019.??.??"]
[WhiteTeam "SK Turm Bad Hersfeld"]
[BlackTeam "Bad Vilbeler Sfr."]

1. c4 c5 2. g3 Nc6 3. Bg2 g6 4. Nc3 Bg7 5. Nf3 e6 6. O-O Nge7 7. d4 cxd4 8. Nb5
d6 9. Nfxd4 Nxd4 10. Nxd4 O-O 11. Nb5 a6 12. Nxd6 Qc7 13. c5 Rb8 14. Bf4 e5 15.
Be3 Rd8 16. Rc1 Nf5 17. Qd2 Nxd6 18. Rfd1 Bf8 19. cxd6 Qxd6 20. Qxd6 Rxd6 21.
Rxd6 Bxd6 22. Ba7 Ra8 23. Bc5 Bxc5 24. Rxc5 Rb8 25. Rxe5 Be6 26. Bd5 Bxd5 27.
Rxd5 Rc8 28. Rd2 Rc6 29. f3 h5 30. Kf2 Kg7 31. e4 Kf6 32. Ke3 Ke6 33. h4 Rc5
34. Kd3 Rc6 35. Rc2 Rd6+ 36. Ke3 b5 37. Rc5 f6 38. g4 hxg4 39. fxg4 Kd7 40. Rd5
1-0

[Event "Frankfurt Ch A 2019"]
[Site "Ffm-Höchst, BiKuZ"]
[Date "2019.04.30"]
[Round "1.26"]
[White "Viol, Julius"]
[Black "Fucik, Timo"]
[Result "1/2-1/2"]
[WhiteElo "1675"]
[BlackElo "2013"]
[PlyCount "81"]
[EventDate "2019.??.??"]
[WhiteTeam "FC Bierstadt"]
[BlackTeam "SK Ettlingen"]

1. d4 d5 2. c4 c6 3. Nc3 dxc4 4. e3 b5 5. a4 b4 6. Na2 e6 7. Bxc4 Nf6 8. Nf3
Bb7 9. O-O Nbd7 10. Bd2 a5 11. Qe2 Be7 12. Nc1 O-O 13. Nd3 c5 14. Rac1 Qb6 15.
Rfd1 Rfd8 16. dxc5 Nxc5 17. Nxc5 Bxc5 18. Be1 h6 19. Ne5 Rxd1 20. Rxd1 Bd6 21.
Nf3 Rc8 22. b3 Rc5 23. h3 Bc7 24. Bd2 Rf5 25. Nd4 Rh5 26. Nb5 Qc6 27. f3 Bb6
28. Bc1 Bc5 29. Bb2 Rg5 30. Kf2 Nd5 31. Bxd5 Rxd5 32. Bd4 Qd7 33. Qc2 Ba6 34.
Rc1 Bxb5 35. axb5 Bxd4 36. exd4 Rxb5 37. Qc8+ Qxc8 38. Rxc8+ Kh7 39. Rc5 Rb7
40. Rxa5 Kg6 41. Ke3 1/2-1/2

[Event "Frankfurt Ch A 2019"]
[Site "Ffm-Höchst, BiKuZ"]
[Date "2019.04.30"]
[Round "1.27"]
[White "Waffenschmidt, Joachim"]
[Black "Münstermann, Matthias"]
[Result "1-0"]
[WhiteElo "2001"]
[BlackElo "1666"]
[PlyCount "57"]
[EventDate "2019.??.??"]
[WhiteTeam "SC Brett vorm Kopp"]
[BlackTeam "SK Langen"]

1. d4 Nf6 2. c4 g6 3. Nc3 d5 4. Bf4 Bg7 5. e3 O-O 6. Rc1 Bf5 7. Nf3 c6 8. Qb3
b6 9. h3 Be6 10. Be2 Nbd7 11. O-O dxc4 12. Bxc4 Bxc4 13. Qxc4 c5 14. d5 Ne8 15.
e4 Nd6 16. Qe2 Re8 17. Rfd1 Nb7 18. Nb5 Rf8 19. e5 a6 20. Nc3 Qe8 21. e6 Nf6
22. d6 fxe6 23. d7 Qd8 24. Qxe6+ Kh8 25. Be5 h6 26. Nh4 Kh7 27. Nd5 Nd6 28.
Nxg6 Kxg6 29. Nxe7+ 1-0

[Event "Frankfurt Ch A 2019"]
[Site "Ffm-Höchst, BiKuZ"]
[Date "2019.04.30"]
[Round "1.28"]
[White "Ackermann, Robert"]
[Black "Schwenkreis, Thomas"]
[Result "0-1"]
[WhiteElo "1664"]
[BlackElo "1995"]
[PlyCount "90"]
[EventDate "2019.??.??"]
[WhiteTeam "SC Bad Soden"]
[BlackTeam "SV Oberursel"]

1. Nf3 Nf6 2. c4 g6 3. g3 Bg7 4. Bg2 O-O 5. O-O d6 6. d4 Nc6 7. Nc3 e5 8. dxe5
dxe5 9. e4 Bg4 10. h3 Be6 11. Qe2 Nd4 12. Nxd4 exd4 13. Nd5 c6 14. Nxf6+ Bxf6
15. Bh6 Re8 16. e5 d3 17. Qd2 Bxe5 18. Rae1 Bf6 19. b3 Qd7 20. Kh2 Rad8 21. Re3
Bf5 22. Rfe1 Rxe3 23. Rxe3 Bd4 24. Re1 Re8 25. g4 Rxe1 26. Qxe1 Be6 27. Kh1 f5
28. f3 Bf6 29. Qd2 fxg4 30. fxg4 b5 31. cxb5 cxb5 32. Qf4 Qd8 33. Qe4 Bf7 34.
Bd2 g5 35. Qc6 Qd4 36. Qc1 h6 37. Be3 Qd7 38. Qd2 Bg6 39. Bf3 Qc7 40. Kg2 Bc3
41. Qf2 Be5 42. Bd5+ Kh7 43. Qd2 Qc2 44. Kf2 Bd4 45. Ke1 Bc3 0-1

[Event "Frankfurt Ch A 2019"]
[Site "Ffm-Höchst, BiKuZ"]
[Date "2019.04.30"]
[Round "1.30"]
[White "Brauch, Manfred"]
[Black "Faqiry, Ramat"]
[Result "1/2-1/2"]
[WhiteElo "1659"]
[BlackElo "1973"]
[PlyCount "80"]
[EventDate "2019.??.??"]
[WhiteTeam "SG Pieroth"]
[BlackTeam "SK Bad Homburg"]

1. f4 Nc6 2. Nf3 d5 3. g3 g6 4. Bg2 Bg7 5. c3 Nf6 6. O-O O-O 7. d3 Re8 8. e3 e5
9. fxe5 Nxe5 10. Nxe5 Rxe5 11. Nd2 Ng4 12. Nf3 Nxe3 13. Bxe3 Rxe3 14. d4 Bg4
15. h3 Bxf3 16. Rxf3 Qe7 17. Qf1 Re8 18. Rxe3 Qxe3+ 19. Qf2 c6 20. Qxe3 Rxe3
21. Kf2 Rd3 22. Re1 Rd2+ 23. Re2 Bh6 24. b3 Kf8 25. Bf3 a5 26. a4 f5 27. Rxd2
Bxd2 28. c4 dxc4 29. bxc4 Ke7 30. d5 Kd6 31. Ke2 Bc3 32. Kd3 Be5 33. g4 b5 34.
cxb5 cxb5 35. gxf5 b4 36. fxg6 b3 37. Kc4 b2 38. Be4 hxg6 39. Bxg6 Bf6 40. Bb1
Bd8 1/2-1/2

[Event "Frankfurt Ch A 2019"]
[Site "Ffm-Höchst, BiKuZ"]
[Date "2019.04.30"]
[Round "1.31"]
[White "Bagatsch, Thomas"]
[Black "Winter, Olaf"]
[Result "1-0"]
[WhiteElo "1973"]
[BlackElo "1656"]
[PlyCount "33"]
[EventDate "2019.??.??"]
[WhiteTeam "SC Brett vorm Kopp"]
[BlackTeam "SK Bad Homburg"]

1. e4 c5 2. Nf3 Nc6 3. Bb5 e6 4. Bxc6 bxc6 5. e5 Ne7 6. O-O Nf5 7. Nc3 a5 8. d4
cxd4 9. Nxd4 Nxd4 10. Qxd4 d6 11. exd6 Qxd6 12. Qe4 Ba6 13. Rd1 Qc7 14. Bf4 Qb7
15. Be5 f6 16. Bxf6 gxf6 17. Qxe6+ 1-0